Estres en estudiantes de la Facultad Ciencias de la Salud. Corporación Universitaria Rafael Nuñez, Cartagena de Indias 2015 (Registro nro. 3942)

Detalles MARC
000 -LEADER
fixed length control field 01667nmm a2200349 a 4500
003 - CONTROL NUMBER IDENTIFIER
control field CO-CtgCURN
005 - DATE AND TIME OF LATEST TRANSACTION
control field 20250329165433.0
007 - PHYSICAL DESCRIPTION FIXED FIELD--GENERAL INFORMATION
fixed length control field co cga---uuuuu
008 - FIXED-LENGTH DATA ELEMENTS--GENERAL INFORMATION
fixed length control field 160531s2016 i eng d
040 ## - CATALOGING SOURCE
Original cataloging agency CO-CtgCURN
Language of cataloging spa
Transcribing agency coctgcurn
082 0# - DEWEY DECIMAL CLASSIFICATION NUMBER
Classification number ENF 2016
Item number A775
245 00 - TITLE STATEMENT
Title Estres en estudiantes de la Facultad Ciencias de la Salud. Corporación Universitaria Rafael Nuñez, Cartagena de Indias 2015
Medium [electronic resource] /
Statement of responsibility, etc. investigadores, Yennyfer Arrieta Iriarte ... [et al.] ; asesor, Zorayda Barrios Puerta.
260 ## - PUBLICATION, DISTRIBUTION, ETC.
Place of publication, distribution, etc. Cartagena de Indias :
Name of publisher, distributor, etc. Corporación Universitaria Rafael Núñez,
Date of publication, distribution, etc. 2016.
300 ## - PHYSICAL DESCRIPTION
Extent 1 CD-Rom.
336 ## - CONTENT TYPE
Source rdacontent
337 ## - MEDIA TYPE
Source rdamedia
Media type term sin mediacion
Media type code n
338 ## - CARRIER TYPE
Source rdacarrier
Carrier type term volumen
Carrier type code nc
500 ## - GENERAL NOTE
General note Incluye anexos.
500 ## - GENERAL NOTE
General note CD incluye articulo.
502 ## - DISSERTATION NOTE
Dissertation note Trabajo de grado (Enfermera (o)). Corporación Universitaria Rafael Nuñez. Facultad de Ciencias de la Salud. Programa de Enfermeria, 2016.
504 ## - BIBLIOGRAPHY, ETC. NOTE
Bibliography, etc. note Incluye bibliografia.
590 ## - LOCAL NOTE (RLIN)
Local note Enfemeria
650 #0 - SUBJECT ADDED ENTRY--TOPICAL TERM
Topical term or geographic name entry element Enfermeria
Form subdivision Tesis y disertaciones academicas.
700 1# - ADDED ENTRY--PERSONAL NAME
Personal name Arrieta Iriarte, Yennyfer,
Relator term investigador.
700 1# - ADDED ENTRY--PERSONAL NAME
Personal name Madera Bertel, Eva,
Relator term investigador.
700 1# - ADDED ENTRY--PERSONAL NAME
Personal name Arrieta Cuello, Katerine,
Relator term investigador.
700 1# - ADDED ENTRY--PERSONAL NAME
Personal name Trocha Guzmán, Rosa,
Relator term investigador.
700 1# - ADDED ENTRY--PERSONAL NAME
Personal name Barrios Puerta, Zorayda,
Relator term asesor.
856 7# - ELECTRONIC LOCATION AND ACCESS
Uniform Resource Identifier <a href="https://unicurn.sharepoint.com/:b:/s/biblioteca/EUiPrrVX6fJNgMImWj-Nf3cBZJlNmGl1C0axVm18N8RYhw?e=5tf0W5">https://unicurn.sharepoint.com/:b:/s/biblioteca/EUiPrrVX6fJNgMImWj-Nf3cBZJlNmGl1C0axVm18N8RYhw?e=5tf0W5</a>
Public note Click aqui para ver el recurso en texto completo
942 ## - ADDED ENTRY ELEMENTS (KOHA)
Classification part ENF 2016
Item part A775
Source of classification or shelving scheme Dewey Decimal Classification
Koha item type Trabajos de grado
Existencias
Withdrawn status Lost status Damaged status Not for loan Collection Home library Current library Shelving location Date acquired Cost, normal purchase price Inventory number Total checkouts Full call number Barcode Date last seen Price effective from Koha item type
        Trabajos de grado Miguel Henríquez Emiliani Miguel Henríquez Emiliani Trabajo de grado 09/23/2018 35000.00 020622   ENF 2016 A775 020622 03/29/2025 03/29/2025 Trabajos de grado